№ S3 (823); Газовая промышленность

Xehetasun bibliografikoak
Parent link:Газовая промышленность: научно-технический и производственный журнал/ Газпром. № S3 (823).— , 1956-2017, 2019-.— 0016-5581
Gaia:Режим доступа: по договору с организацией-держателем ресурса
Hizkuntza:errusiera
Argitaratua: 2021
Sarrera elektronikoa:https://elibrary.ru/contents.asp?id=47499636
Formatua: MixedMaterials Baliabide elektronikoa Liburua
KOHA link:https://koha.lib.tpu.ru/cgi-bin/koha/opac-detail.pl?biblionumber=586795

MARC

LEADER 00000nam2a2200000 4500
001 586795
005 20231101131423.0
035 |a (RuTPU)RU\TPU\prd\289387 
035 |a RU\TPU\prd\289386 
090 |a 586795 
100 |a 20211222a19569999k y0rusy50 ca 
101 0 |a rus 
102 |a RU 
181 0 |a i  
182 0 |a b 
200 0 |a № S3 (823)  |b Электронный ресурс 
203 |a Текст  |c электронный 
210 |d 2021 
333 |a Режим доступа: по договору с организацией-держателем ресурса 
461 1 |0 (RuTPU)RU\TPU\prd\1766  |x 0016-5581  |t Газовая промышленность  |o научно-технический и производственный журнал  |f Газпром  |v № S3 (823)  |d 1956-2017, 2019- 
801 0 |a RU  |b 63413507  |c 20010227  |g PSBO 
801 1 |a RU  |b 63413507  |c 20170823 
801 2 |a RU  |b 63413507  |c 20220117  |g RCR 
856 4 0 |u https://elibrary.ru/contents.asp?id=47499636 
942 |c BK